=LDR 00000nam 2200000 4500 =001 INLIS000000000000407 =005 20200902081752 =035 ##$$a 0010-061300000000407 =008 200902################g##########0#ind## =041 ##$$a Ind =082 ##$$a 300 =090 ##$$a 300 Kar p =100 1#$$a Kartodirjo, Sartono =245 1#$$a Pendekatan ilmu sosial dalam metodologi sejarah /$c Sartono Kartodirdjo Editor, Sarwono Pusposaputro =260 ##$$a Jakarta :$b Gramedia Pustaka Utama,$c 1992 =300 ##$$a xi, 282 hlm. ; $c 14 x 21 cm =650 #4$$a Ilmu-ilmu Sosial =700 #$$a Pusposaputro, Sartono =850 ##$$a NBPNMAT =020 ##$$a 979-511-303-8 =084 ##$$a 300 KAR p =250 ##$$a cet.1 =990 ##$$a DW99000236 =990 ##$$a DW99000237 =990 ##$$a 00041940 =990 ##$$a 00055525 =990 ##$$a 00041939 =990 ##$$a 00092351 =990 ##$$a 00092351 =990 ##$$a DW99000236 =990 ##$$a DW99000237 =990 ##$$a 00041940 =990 ##$$a 00055525 =990 ##$$a 00041939